| 000 | 00372nam a2200157Ia 4500 | ||
|---|---|---|---|
| 003 | 0STCL | ||
| 008 | 150530s9999 xx 000 0 und d | ||
| 040 |
_aSTCL _cSTCL |
||
| 100 | _aMukerjee, N.C.; Mukerjee, N.M. | ||
| 245 | _aBotanical handbook No:3 Phanerogams | ||
| 260 | _c1952 | ||
| 546 | _aEnglish | ||
| 942 |
_2ddc _cBK |
||
| 999 |
_c36332 _d36332 |
||
| 005 | 20220125170401.0 | ||